01432cam a22003132 45000010005000000030008000050050017000130080041000300350050000710400047001210410014001680820025001821110085002072450162002922600086004543000033005404900022005735000166005955000033007615040041007946500036008357000019008717000040008907000047009307100042009777100053010197400024010728300022010969290BD-RjUL20211208234742.0140120s1958 ne af b 101 0 eng d aOCLC ocm07768127 from D970917Ma(BD-RjUL)9335 aEZCcEZCdOCLdCLUdUKMdEQOdBD-RjULbeng0 aengfreger04a539.74218bPRO 19582 aInternational Symposium on Isotope Separation.d(1957 :cAmsterdam, Netherlands)10aProceedings of the International Symposium on Isotope Separation held in Amsterdam, April 23-27, 1957 /cedited by J. Kistemaker, J. Bigeleisen, A.O.C. Nier. aAmsterdam :bNorth-Holland Pub. Co. :aNew York, Interscience Publishers,c1958. axx, 704 p. :bill. ;c23 cm.1 aSeries in physics a"The Symposium was organized by: the Netherlands Physical Society in collaboration with the International Union of Pure and Applied Physics (IUPAP)"--T.p. verso. aEnglish, French, and German. aIncludes bibliographies and indexes. 0aIsotope separationxCongresses.1 aKistemaker, J.1 aBigeleisen, J.q(Jacob),d1919-20101 aNier, Alfred O.q(Alfred Otto),d1911-19942 aNederlandse Natuurkundige Vereniging.2 aInternational Union of Pure and Applied Physics.01aIsotope separation. 0aSeries in physics